Costa Rica y el "Combo de la propiedad intelectual" /

La autora analiza las características del proceso de aprobación del "Combo de propiedad intelectual" que consiste en conjunto de siete proyectos de ley relacionados con la propiedad intelectual

Kaydedildi:
Detaylı Bibliyografya
Yazar: Mora Solano, Sindy
Materyal Türü: Metin
Konular:
Etiketler: Etiketle
Etiket eklenmemiş, İlk siz ekleyin!

MARC

LEADER 00000 a a2200000 04500
001 4471
003
040
100 |a Mora Solano, Sindy  
245 |a Costa Rica y el "Combo de la propiedad intelectual" /  |c Sindy Mora Solano  
520 |a La autora analiza las características del proceso de aprobación del "Combo de propiedad intelectual" que consiste en conjunto de siete proyectos de ley relacionados con la propiedad intelectual  
650 |a PROPIEDAD INTELECTUAL  
650 |a LEGISLACION  
650 |a COSTA RICA  
773 |g número 6; páginas 91-95  
999 |c 20912  |d 20912